Vengeance is mine Η εκδίκηση είναι δική μου
"Μέσα από αναφορές του παρελθόντος, ο Ογκάτα αποδίδει τον χαρακτήρα ενός εργάτη και ασήμαντου απατεώνα, ο οποίος αφού σκοτώνει δύο από τους συναδέλφους του επιδίδεται σε ένα ψυχοπαθητικό ξεφάντωμα βιασμού και δολοφονίας. Παραπλανώντας την αστυνομία και την κοινωνία, ο πασίγνωστος Γιαπωνέζος βα...
Αποθηκεύτηκε σε:
| Άλλοι συγγραφείς: | , |
|---|---|
| Μορφή: | |
| Γλώσσα: | Japanese Greek |
| Δημοσίευση: |
Αθήνα :
Art Free,
2006.
|
| Θέματα: | |
| Ετικέτες: |
Προσθήκη ετικέτας
Δεν υπάρχουν, Καταχωρήστε ετικέτα πρώτοι!
|
MARC
| LEADER | 00000cgm a2200000 i 4500 | ||
|---|---|---|---|
| 001 | 1/99848 | ||
| 008 | 081219s2006####gr ||| | || ||jpn|| | ||
| 035 | |l 10102624 | ||
| 040 | |a GR-MY-UA |b gre |e aacr | ||
| 041 | 0 | |a jpn |j gre | |
| 082 | 0 | |a 791.437 |2 (22) | |
| 245 | 1 | 0 | |a Vengeance is mine |h [μαγνητοσκόπηση] = |b Η εκδίκηση είναι δική μου / |c σκηνοθεσία Ιμαμούρα Σοχέι. |
| 246 | 1 | |i Παράλληλος τίτλος: |a Η εκδίκηση είναι δική μου |h [μαγνητοσκόπηση] | |
| 260 | |a Αθήνα : |b Art Free, |c 2006. | ||
| 300 | |a 1 βιντεοδίσκος (140 λεπτ.) : |b ομίλ., έγχρ. ; |c 4 3/4 ίν. | ||
| 500 | |a Κυκλοφόρησε πρώτη φορά ως κινηματογραφική ταινία το 1979. | ||
| 500 | |a Στα ιαπωνικά με ελληνικούς υπότιτλους. | ||
| 508 | |a Σενάριο, Μπαμπά Μασάρου ; βασισμένο στο μυθιστόρημα του Σάκυ Ριούζο ; παραγωγή, Ινουε Καζούο ; φωτογραφία, Χιμέντα Σινσάκου ; μουσική, Ικεμπέ Σινικίρο ; σχεδιασμός παραγωγής, Σατάνι Τερουγιόσι ; μοντάζ, Ουραόκα Κείσι. | ||
| 511 | 0 | |a Ογκάτα Κεν, Ογκαούα Μαγιουμι, Μπάισο Μιτσούκο, Μιγιάκο Τσοτσο, Κιγιοκαουα Νιζικο, Μικουνι Ρεντάρο, Τονουγιάμα Ταίζι. | |
| 520 | |a "Μέσα από αναφορές του παρελθόντος, ο Ογκάτα αποδίδει τον χαρακτήρα ενός εργάτη και ασήμαντου απατεώνα, ο οποίος αφού σκοτώνει δύο από τους συναδέλφους του επιδίδεται σε ένα ψυχοπαθητικό ξεφάντωμα βιασμού και δολοφονίας. Παραπλανώντας την αστυνομία και την κοινωνία, ο πασίγνωστος Γιαπωνέζος βασιλιάς του εγκλήματος πλασάρει τον εαυτό του ως καθηγητή στο πανεπιστήμιο του Κιότο, με μόνο στόχο να βρεθεί μπλεγμένος με μια ξενοδόχο και τη διεστραμμένη μητέρα της". - Περίληψη από το κιβώτιο. | ||
| 521 | |a Ακατάλληλο κάτω των 18 ετών. | ||
| 650 | 0 | 0 | |a Feature films. |
| 650 | 0 | 0 | |a Serial murderers |z Japan |x Drama. |
| 700 | 1 | |a Imamura, Shohei |d 1926-2006. |4 drt | |
| 700 | 1 | |a Ogata, Ken |q 1937-2008. |4 prf | |
| 852 | |a INST |b SYROS |c AV |e 20081219 |h 791.437 IMA |p 005500008816 |q 005500008816 |t DVD |y 23 | ||
| 901 | |a BIBL5-2008-1 | ||
| 909 | |a Ε |b 154462 | ||
| 922 | |a 5ΕΛΗ |b 200810 |c ΒΙΒΛΙΟΘΗΚΗ ΣΥΡΟΥ |d DVD CLUB ENTER | ||
| 970 | |a ΚΟΝΤΟΥ |b ΠΑΡΑΣΚΕΥΗ |z 2008/12/19 | ||